Organizácia zberu a zhodnotenie skladovania jabĺk

Bibliographic Details
Main Author: Miklós, Gabriel (Author)
Format: Article
Language:Slovak
PhysicalDescription:Obr. 3. Tb. 3.
Subjects:

MARC

LEADER 00000nab a2200000 a 4500
001 vtls000196581
003 SK-MaSNL
005 20260302205136.0
008 111106c1984 xo 0 slo
015 |a SNBRB19rr/mm-uuuuu 
035 |a CL0206694 
040 |a SNKBUCL  |b slo  |c SNKBUCL  |e AACR2 
041 0 |a slo 
044 |a xo  |c SK 
080 |a 631.558.1:634.11  |2 1981 
080 |a 634.11  |2 1981 
080 |a 631.563  |2 1981 
100 1 |a Miklós, Gabriel  |4 aut  |9 930572 
245 1 0 |a Organizácia zberu a zhodnotenie skladovania jabĺk  |c Gabriel Miklós 
300 |b Obr. 3. Tb. 3. 
650 0 7 |a jablká  |2 snkbucl  |9 30825 
650 0 7 |a skladovanie  |2 snkbucl  |9 14941 
655 7 |a články z novín a časopisov  |2 snkbucl  |9 267496 
773 0 |t Záhradníctvo  |g Roč. 9, č. 10 (1984), s. 435-436 
850 |a Slovenská národná knižnica v Martine  |a MTA001 
852 |a SNK  |b KIS3GCP 
958 |a RK 
992 |a RBX 
999 |c 1476513  |d 1478443